Przystanki MZK Nysa linia 2 - Statystyki

Ogólne statystyki
  • Ten quiz został rozwiązany 32 razy
    14 od ostatniego zresetowania
  • Średni wynik to 6 z 32
Statystyki odpowiedzi
Odpowiedź % Poprawnych
Nysa Piastowska
67%
Nysa Kolejowa
56%
Nysa Moniuszki
56%
Nysa Prudnicka
56%
Nysa Gierczak
44%
Nysa Bramy Grodkowskiej
33%
Nysa Długosza
33%
Głębinów Głębinów
33%
Nysa Prusa
33%
Nysa Zajezdnia
33%
Nysa Bema
22%
Nysa Głuchołaska
22%
Nysa N/Ż Krawiecka
22%
Nysa Piłsudskiego OPEX
22%
Nysa Szopena
22%
Głębinów Głębinów Pętla
11%
Nysa Kochanowskiego
11%
Nysa Mickiewicza Skrzyżowanie
11%
Nysa Piłsudskiego Lodowisko
11%
Nysa Piłsudskiego Przychodnia
11%
Nysa Centrum Przesiadkowe
0%
Nysa Eichendorffa
0%
Głębinów N/Ż Głębinów FD
0%
Nysa Poniatowskiego
0%
Nysa Saperska 1
0%
Nysa Saperska 2
0%
Nysa Saperska 3
0%
Skorochów Skorochów Parking
0%
Skorochów Skorochów Pętla
0%
Nysa N/Ż Słoneczna
0%
Nysa N/Ż Słowiańska FPN
0%
Nysa Słowiańska UP
0%
Nie znaleziono quizów pasujących do podanych kryteriów
Rozkład punktacji
Procent ludzi z każdym wynikiem
Percentyl według liczby udzielonych odpowiedzi
Twoja historia wyników
Nie rozwiązałeś tego quizu od ostatniego zresetowania